Normal view
MARC view
- الاسلام والمجتمع- الجريمة والمجرمون- مكافحة الجريمة
Entry Topical Term
001 - CONTROL NUMBER
- control field: 10493
003 - CONTROL NUMBER IDENTIFIER
- control field: JO-AjAnu
005 - DATE AND TIME OF LATEST TRANSACTION
- control field: 20230606072002.0
008 - FIXED-LENGTH DATA ELEMENTS
- fixed length control field: 230606|| aca||aabn | a|a d
040 ## - CATALOGING SOURCE
- Original cataloging agency: JO-AjAnu
- Transcribing agency: JO-AjAnu
150 ## - HEADING--TOPICAL TERM
- Topical term or geographic name entry element: الاسلام والمجتمع- الجريمة والمجرمون- مكافحة الجريمة
670 ## - SOURCE DATA FOUND
- Source citation: Work cat.: (JO-AjAnu)5401: القيعي، محمد عبد المنعم, author 10492, نظرة القرآن الى الجريمة والعقاب